00000000nam 2200000zi 4500
0019.945097
003CaOODSP
00520250106101734
006m     o  d f      
007cr cn ||||||||
008241112e202412  oncbd   ob   f000 0 fre d
020 |a9780660744650
040 |aCaOODSP|bfre|erda|cCaOODSP
043 |an-cn-bc
0861 |aFs70-5/2024-079F-PDF
1001 |aJenewein, Brittany, |eauteur.
24510|aVitesse de migration, période de montaison et itinéraire de migration de la truite arc-en-ciel du Fraser intérieur / |cBrittany Jenewein, Brooke Davis, Anna Potapova, Catarina Wor, Paul van Dam-Bates et Mike Hawkshaw.
264 1|aOttawa (Ontario) : |bSecrétariat canadien de consultation scientifique (SCCS), |cdécembre 2024.
264 4|c©2024
300 |a1 ressource en ligne (vi, 37 pages) : |bcartes, graphiques.
336 |atexte|btxt|2rdacontent/fre
337 |ainformatique|bc|2rdamedia/fre
338 |aressource en ligne|bcr|2rdacarrier/fre
4901 |aDocument de recherche, |x2292-4272 ; |v2024/079
500 |aPublié aussi en anglais sous le titre : Migration speed, run timing, and migration route for interior Fraser steelhead trout.
504 |aComprend des références bibliographiques (pages 30-33).
650 6|aTruite arc-en-ciel|xMigration|zColombie-Britannique|zFraser, Fleuve.
7101 |aCanada. |bMinistère des pêches et des océans, |eorganisme de publication.
7102 |aSecrétariat canadien de consultation scientifique, |eorganisme de publication.
77508|tMigration speed, run timing, and migration route for interior Fraser steelhead trout / |w(CaOODSP)9.945098
830#0|aDocument de recherche (Secrétariat canadien de consultation scientifique)|v2024/079.|w(CaOODSP)9.503788
85640|q PDF|s3.41 Mo|uhttps://publications.gc.ca/collections/collection_2025/mpo-dfo/fs70-5/Fs70-5-2024-079-fra.pdf